ბათუმის შოთა რუსთაველის სახელმწიფო უნივერსიტეტის ბიბლიოთეკა

სასუნთქი სისტემის კლინიკური და ასაკობრივი ანატომია : (ბიბ.ჩანაწერი № 34597)

000 -ლიდერი
ფიქსირებული სიგრძის საკონტროლო ველი 01376nam a2200253Ia 4500
001 - საკონტროლო ნომერი
საკონტროლო ველი 358
003 - საკონტროლო ნომრის იდენტიფიკატორი
საკონტროლო ველი GE_BSU
005 - ბოლო ოპერაციის თარიღი და დრო
საკონტროლო ველი 20200203123606.0
008 - ფიქსირებული სიგრძის მონაცემთა ელემენტები - ზოგადი ინფორმაცია
ფიქსირებული სიგრძის საკონტროლო ველი 181216s2009||||ge |||||||||||||| ||geo||
020 ## - წიგნის საერთაშორისო სტანდარტული ნომერი
International Standard Book Number 99928730215
040 ## - კატალოგიზაციის წყარო
Transcribing agency GE_BSU
041 ## - ენის კოდი
Language code of text/sound track or separate title geo
080 ## - უნივერსალური ათობითი კლასიფიკაციის ინდექსი
Universal Decimal Classification number 616.2(075.8) კ-36
100 ## - მთავარი ჩანაწერი - პიროვნების სახელი
Personal name კაციტაძე, ზურაბ; კაციტაძე, გიორგი
9 (RLIN) 6693
245 ## - ცნობა სათაურის შესახებ
Title სასუნთქი სისტემის კლინიკური და ასაკობრივი ანატომია :
Remainder of title დამხმ. სახელმძღვ. სტუდ. და ექიმებისათვის /
Statement of responsibility, etc ზურაბ კაციტაძე, გიორგი კაციტაძე ; [რედ. ნინო ჯავახიშვილი].
264 ## - წარმოების, გამოცემის, დისტრიბუციის და სხვა ცნობები
გამოცემის, წარმოების, დისტრიბუციის... ადგილი თბილისი :
გამოცემის, წარმოების, დისტრიბუციის... სახელწოდება მედეა,
გამოცემის, წარმოების, დისტრიბუციის... თარიღი 2009.
300 ## - ფიზიკური აღწერა
Extent 202 გვ.:
Other physical details სურ. ;
Dimensions 19 სმ.
504 ## - BIBLIOGRAPHY, ETC. NOTE
Bibliography, etc ბიბლიოგრ.: გვ. 200-201.
653 ## - INDEX TERM--UNCONTROLLED
Uncontrolled term სასუნთქი სისტემის ანატომია
653 ## - INDEX TERM--UNCONTROLLED
Uncontrolled term სასუნთქი გზების კლინიკა
700 ## - ADDED ENTRY--PERSONAL NAME
Personal name კაციტაძე, გიორგი
Relator term ავტორი
9 (RLIN) 6694
700 ## - ADDED ENTRY--PERSONAL NAME
Personal name ჯავახიშვილი, ნინო
Relator term რედაქტორი
9 (RLIN) 6695
942 ## - ADDED ENTRY ELEMENTS (KOHA)
Koha item type წიგნი
Source of classification or shelving scheme
ეგზემპლარები
ჩამოწერის სტატუსი დაკარგული ეგზემპლარის სტატუსი კლასიფიკაციის წყარო ან თაროზე გაწყობის სქემა დაზიანების სტატუსი არ გაიცემა მუდმივი მდებარეობა (დაცვის ადგილი) ამჟამინდელი ადგილსამყოფელი თაროზე განთავსების ადგილი შეძენის თარიღი ღირებულება, შესყიდვის ნორმალური ფასი სრული შენახვის შიფრი შტრიხკოდი ბოლო ოპერაციის თარიღი ეგზემპლარის მიმდევრობითი ნომერი (კეტერი?) ფასის ძალაში შესვლის თარიღი ეგზემპლარის სახეობა საჯარო შენიშვნა
          ბათუმის შოთა რუსთაველის სახელმწიფო უნივერსიტეტის მთავარი ბიბლიოთეკა ბათუმის შოთა რუსთაველის სახელმწიფო უნივერსიტეტის მთავარი ბიბლიოთეკა წიგნსაცავი 2018-12-17 20.00 616.2(075.8) კ-36 542 2018-12-17 542 2018-12-17 წიგნი 20 ლ.
          ბათუმის შოთა რუსთაველის სახელმწიფო უნივერსიტეტის მთავარი ბიბლიოთეკა ბათუმის შოთა რუსთაველის სახელმწიფო უნივერსიტეტის მთავარი ბიბლიოთეკა წიგნსაცავი 2018-12-17 20.00 616.2(075.8) კ-36 543 2018-12-17 543 2018-12-17 წიგნი 20 ლ.